| 000 | 00409nam a2200145 i 4500 | ||
|---|---|---|---|
| 001 | 101986 | ||
| 003 | ES-MaACL | ||
| 005 | 20230906183026.0 | ||
| 007 | t| | ||
| 008 | 051028s1914 sp ||||1| spa d | ||
| 100 | 1 |
_aMéndez Alzola, Manuel. _980137 |
|
| 245 | 1 | 3 |
_aLa abogacía y el jurado / _cpor Quintus Scipio Imperator (seud.). |
| 260 |
_aMadrid : _bSan Martín, _c1914. |
||
| 852 |
_aES-MaACL _jT-1378-F-6 |
||
| 999 |
_c101986 _d101986 |
||